Organisational behaviour :a global perspective / (Record no. 3226)

000 -LEADER
fixed length control field 01171cam a2200361 a 4500
001 - CONTROL NUMBER
control field 15449107
003 - CONTROL NUMBER IDENTIFIER
control field OSt
005 - DATE AND TIME OF LATEST TRANSACTION
control field 20160907160602.0
008 - FIXED-LENGTH DATA ELEMENTS--GENERAL INFORMATION
fixed length control field 080912s2009 enka b 001 0 eng
010 ## - LIBRARY OF CONGRESS CONTROL NUMBER
LC control number 2008040495
020 ## - INTERNATIONAL STANDARD BOOK NUMBER
International Standard Book Number 9780470802625)
035 ## - SYSTEM CONTROL NUMBER
System control number (OCoLC)ocn252922677
040 ## - CATALOGING SOURCE
Original cataloging agency DLC
Transcribing agency DLC
Modifying agency BTCTA
-- BWKUK
-- BWK
-- CDX
-- YDXCP
-- DLC
050 00 - LIBRARY OF CONGRESS CALL NUMBER
Classification number HD58.7.W66 2004
082 00 - DEWEY DECIMAL CLASSIFICATION NUMBER
Classification number 302.3/5
Edition number 22
100 1# - MAIN ENTRY--PERSONAL NAME
Personal name Wood Jack,
245 10 - TITLE STATEMENT
Title Organisational behaviour :a global perspective /
Statement of responsibility, etc Jack woods
246 3# - VARYING FORM OF TITLE
Title proper/short title Organizational behavior
250 ## - EDITION STATEMENT
Edition statement 3rd ed.
260 ## - PUBLICATION, DISTRIBUTION, ETC. (IMPRINT)
Place of publication, distribution, etc Australia :
Name of publisher, distributor, etc John Wiley and sons ltd,
Date of publication, distribution, etc 2004.
300 ## - PHYSICAL DESCRIPTION
Extent xxiii, 736 p. :
Other physical details col. ill. ;
Dimensions 25 cm.
504 ## - BIBLIOGRAPHY, ETC. NOTE
Bibliography, etc Includes bibliographical references and index.
650 #0 - SUBJECT ADDED ENTRY--TOPICAL TERM
Topical term or geographic name as entry element Organizational behavior.
700 ## - ADDED ENTRY--PERSONAL NAME
Personal name Wallace,Joseph
700 ## - ADDED ENTRY--PERSONAL NAME
Personal name Zeffane,Rachid
700 ## - ADDED ENTRY--PERSONAL NAME
Personal name Chapman,Judith
700 ## - ADDED ENTRY--PERSONAL NAME
Personal name Fromholtz,Michele
700 ## - ADDED ENTRY--PERSONAL NAME
Personal name Morrison Val
856 41 - ELECTRONIC LOCATION AND ACCESS
Materials specified Table of contents only
906 ## - LOCAL DATA ELEMENT F, LDF (RLIN)
a 7
b cbc
c orignew
d 1
e ecip
f 20
g y-gencatlg
942 ## - ADDED ENTRY ELEMENTS (KOHA)
Source of classification or shelving scheme
Koha item type Book
Holdings
Withdrawn status Lost status Source of classification or shelving scheme Damaged status Not for loan Home library Current library Shelving location Date acquired Total Checkouts Full call number Barcode Date last seen Copy number Price effective from Koha item type
          Riara University Library Riara University Library General stack 07/09/2016   HD58.7.W66 2004 7320/16 07/09/2016 C.1 07/09/2016 Book
          Riara University Library Riara University Library General stack 28/09/2016   HD58.7.W66 2004 7324/16 28/09/2016 C.2 28/09/2016 Book
          Riara University Library Riara University Library General stack 07/10/2016   HD58.7.W66 2004 8592/16 07/10/2016 C.3 07/10/2016 Book
          Riara University Library Riara University Library General stack 27/10/2016   HD58.7.W66 2004 7171/16 27/10/2016 C.4 27/10/2016 Book

Riara University Library,
P.O. Box 49940-00100,
Nairobi, Kenya.